Lengua y béisbol en la República Dominicana / (Registro nro. 14326)

Detalles MARC
000 -LIDER
fixed length control field 01154nam a2200289 a 4500
001 - NÚMERO DE CONTROL
Identificador de número de control 000006734
003 - IDENTIFICACDOR DE NÚMERO DE CONTROL
control field DO-SdBNP
005 - DATE AND TIME OF LATEST TRANSACTION
control field 20221115083603.0
008 - ELEMENTOS DE LONGITUD FIJA
fixed length control field 090902s2006 dr a 001 0 spa d
020 ## - ISBN
International Standard Book Number 9945160583
040 ## - FUENTE DE CATALOGACIÓN
Agencia que crea de manera original el registro DO-SdBNP
Idioma de catalogación spa
Agencia que realiza la transcripción BPMSU
082 ## - NÚMERO DE CLASIFICACIÓN DECIMAL DE DEWEY
Classification number 796.35707293
Item number L194L 2006
Edition number 22
100 1# - ASIENTO PRINCIPAL -- NOMBRE PERSONAL
Nombre personal Alba, Orlando
245 10 - MENCIÓN DE TITULO
Título Lengua y béisbol en la República Dominicana /
Mención de responsabilidad Orlando Alba.
260 ## - PUBLICACIÓN, DISTRIBUCIÓN, ETC. (PIE DE IMPRENTA)
Lugar de publicación, distribución, etc Santo Domingo :
Nombre del editor, distribuidor, etc. Secretaría de Estado de Cultura,
Fecha de publicación, distribución, etc 2006.
300 ## - DESCRIPCIÓN FÍSICA
Extensión 295 p. :
Otros detalles físicos il. ;
Dimensiones 26 cm.
500 ## - NOTA GENERAL
Nota general Incluye referencias bibliográficas p. 291-295
500 ## - NOTA GENERAL
Nota general Incluye datos biográficos del autor en la solapa de la cubierta.
505 0# - NOTA DE CONTENIDO
Texto normalizado de contenido Presentación -- Prólogo -- Introducción -- Datos fonéticos y morfosintácticos -- El léxico -- Glosario -- Coclusiones -- Apéndice -- Bibliografía.
590 ## - NOTA LOCAL
Enlace Inventariado, 2022/VM
650 #4 - ENCABEZAMIENTO DE MATERIA--TEMÁTICO
Término temático o nombre geográfico como elemento de entrada Béisbol
Subdivisión geográfica República Dominicana
Subdivisión temática general Terminología
650 #4 - ENCABEZAMIENTO DE MATERIA--TEMÁTICO
Término temático o nombre geográfico como elemento de entrada Dominicanismos
651 #4 - ENCABEZAMIENTO DE MATERIA--NOMBRE GEOGRÁFICO
Nombre geográfico República Dominicana
Subdivisión temática general Vida social y costumbres
710 2# - ASIENTO SECUNDARIO -- NOMBRE CORPORATIVO
Nombre corporativo o de jurisdicción Secretaría de Estado de Cultura (República Dominicana )
910 ## - VALIDACIÓN
Validación VMateo V. /Validado
942 ## - ADDED ENTRY ELEMENTS (KOHA)
Source of classification or shelving scheme Dewey Decimal Classification
Koha item type Libros
Existencias
Withdrawn status Lost status Source of classification or shelving scheme Damaged status Not for loan Collection code Home library Current library Date acquired Full call number Barcode Date last seen Price effective from Koha item type
    Dewey Decimal Classification     Colección Dominicana Biblioteca Pública Metropolitana Salomé Ureña Biblioteca Pública Metropolitana Salomé Ureña 11/15/2022 BPMSU CD 796.35707293 L194l 2006 BPMSU22110011 11/15/2022 11/15/2022 Referencia